Statistics for Every U.S. Metro Area on a Map

Click here to take the quiz!

General Stats

  • This quiz has been taken 16,588 times
  • The average score is 125 of 383

Answer Stats

Population City % Correct
19,979,477New York City
97%
13,291,486Los Angeles
97%
6,198,782Miami
95%
4,729,484San Francisco
95%
3,939,363Seattle
95%
9,498,716Chicago
95%
7,539,711Dallas
95%
6,997,384Houston
94%
2,231,647Las Vegas
93%
4,875,390Boston
93%
6,249,950Washington, DC
92%
5,949,951Atlanta
92%
4,857,962Phoenix
91%
6,096,372Philadelphia
91%
3,343,364San Diego
91%
4,326,442Detroit
91%
2,932,415Denver
90%
2,168,316Austin
89%
535,420Portland, ME
89%
2,478,810Portland, OR
89%
3,629,190Minneapolis
88%
2,572,692Orlando
88%
1,270,399New Orleans
87%
2,345,210Sacramento
86%
2,048,703Indianapolis
85%
2,143,651Kansas City
85%
158,823Jackson, MI
84%
129,209Jackson, TN
84%
1,222,540Salt Lake City
84%
580,166Jackson, MS
84%
3,142,663Tampa
83%
980,080Honolulu
83%
2,518,036San Antonio
82%
1,396,445Oklahoma City
81%
1,930,961Nashville
81%
2,805,465Saint Louis
81%
2,057,009Cleveland, OH
80%
123,625Cleveland, TN
80%
2,324,743Pittsburgh
80%
2,802,789Baltimore
79%
845,553El Paso
77%
1,534,701Jacksonville, FL
77%
197,683Jacksonville, NC
77%
1,130,152Buffalo
76%
399,148Anchorage
76%
2,190,209Cincinnati
76%
305,451Columbus, GA
75%
82,753Columbus, IN
75%
1,350,620Memphis
75%
2,569,213Charlotte
75%
2,106,541Columbus, OH
75%
1,999,107San Jose
73%
730,426Boise
73%
883,169Albany, NY
72%
127,335Albany, OR
72%
153,009Albany, GA
72%
915,927Albuquerque
71%
1,576,113Milwaukee
70%
1,362,540Raleigh
70%
831,310Baton Rouge
70%
385,145Tallahassee
69%
631,761Springfield, MA
68%
466,978Springfield, MO
68%
134,585Springfield, OH
68%
207,636Springfield, IL
68%
1,306,172Richmond
67%
741,104Little Rock
67%
1,151,801Birmingham
66%
655,409Des Moines
65%
469,764Reno
65%
211,037Charleston, WV
64%
787,643Charleston, SC
64%
1,297,310Louisville
63%
1,621,337Providence
62%
1,039,073Tucson
62%
150,056Santa Fe
62%
671,456Winston-Salem
61%
334,590Lincoln
60%
660,422Madison
59%
942,198Omaha
59%
432,102Salem
58%
1,728,733Virginia Beach
58%
738,939Colorado Springs
57%
993,797Tulsa
56%
180,005Columbia, MO
56%
98,976Cheyenne
56%
832,666Columbia, SC
56%
1,206,300Hartford
55%
132,678Bismarck
54%
604,167Augusta
54%
4,622,361Riverside
53%
219,802Rochester, MN
52%
373,225Montgomery
52%
1,071,082Rochester, NY
52%
481,893Lansing
51%
994,400Fresno
51%
321,591Green Bay
51%
232,594Topeka
50%
806,548Dayton
50%
574,659Harrisburg
49%
413,757Mobile
49%
389,494Savannah
48%
286,419Olympia
48%
55,414Carson City
48%
644,888Wichita
47%
650,502Syracuse
47%
245,471Fargo
46%
602,871Toledo
45%
178,550Dover
45%
1,069,405Grand Rapids
45%
573,493Spokane
45%
452,950Corpus Christi
45%
98,971Fairbanks
43%
151,306Wichita Falls
43%
369,811Trenton
43%
265,653Sioux Falls
42%
883,309Knoxville
41%
516,697Lexington
41%
575,412Durham
41%
896,764Bakersfield
40%
171,677Billings
40%
415,247Manchester
40%
326,078Boulder
40%
704,845Akron
40%
446,527Santa Maria
39%
633,768Provo
39%
370,963Ann Arbor
37%
151,520Jefferson City
37%
265,947Amarillo
37%
278,799Duluth
36%
857,620New Haven
36%
142,854Flagstaff
36%
379,611Eugene
36%
272,061Erie
35%
166,436Burlington, NC
35%
221,083Burlington, VT
35%
560,793Chattanooga
35%
555,485Scranton
35%
406,892Flint
33%
294,436Wilmington
32%
659,605Daytona Beach
32%
319,068Lubbock
32%
265,429Atlantic City
32%
436,341Shreveport
32%
767,711Greensboro
31%
271,942Waco
31%
423,908Brownsville
31%
437,631Fort Wayne
31%
221,828Lafayette, IN
30%
489,364Lafayette, LA
30%
211,306Athens
29%
272,295Cedar Rapids
28%
151,096Bangor
28%
494,883Pensacola
28%
397,261Gulfport
28%
322,424South Bend
28%
754,610Fort Myers
28%
549,128Fayetteville, AR
27%
842,913Allentown
27%
275,910Laredo
27%
291,410Utica
27%
169,405Sioux City
27%
387,094Fayetteville, NC
27%
947,866Worcester
26%
459,585Asheville
25%
179,914Greenville, NC
25%
229,737Macon
25%
943,823Bridgeport
25%
906,626Greenville, SC
25%
173,401Iowa City
24%
480,891Myrtle Beach
24%
675,067Ogden
24%
368,373Peoria
24%
752,660Stockton
24%
212,128Yuma
23%
235,232Charlottesville
23%
202,148Gainesville, GA
23%
288,212Gainesville, FL
23%
350,518Fort Collins
23%
865,939McAllen
23%
118,791Missoula
23%
462,693Huntsville
23%
178,337Midland, TX
22%
217,522Las Cruces
22%
150,242Texarkana
22%
83,209Midland, MI
22%
79,115Casper
22%
243,575Tuscaloosa
22%
171,700Saint George
22%
201,451Panama City
21%
148,749Rapid City
21%
538,952Youngstown
21%
381,451Davenport
21%
340,318Kalamazoo
21%
314,172Roanoke
21%
543,557Lancaster
21%
167,295Kahului
20%
191,996Bend
20%
148,904Idaho Falls
20%
180,040Redding
20%
821,573Sarasota
20%
378,488Naples
20%
448,273York
20%
850,967Oxnard
20%
153,044Alexandria
20%
337,658Rockford
20%
162,124Odessa
20%
167,529Pueblo
20%
549,815Modesto
19%
274,255Santa Cruz
19%
314,672Evansville
18%
150,972Monroe, MI
18%
167,762Bloomington, IN
18%
188,597Bloomington, IL
18%
176,805Monroe, LA
18%
409,526Beaumont
18%
102,793Ithaca
18%
171,451Abilene
17%
499,942Santa Rosa
17%
262,431College Station
17%
153,207Grand Junction
17%
139,417Napa
17%
398,655Canton
17%
420,152Reading
16%
596,849Melbourne
16%
168,669Eau Claire
16%
161,505Coeur d'Alene
16%
352,823Huntington
16%
306,616Kingsport
16%
239,643Champaign
16%
140,045Wheeling
16%
97,980Manhattan
15%
225,685Bellingham
15%
251,446Yakima
15%
64,981Walla Walla
15%
282,318Fort Smith
15%
140,259Morgantown
15%
163,941Auburn
15%
240,219Binghamton
15%
98,105Ames
15%
177,432Bowling Green
15%
102,299Grand Forks
15%
87,138Pocatello
14%
81,643Great Falls
14%
97,927Rome
14%
199,801Saint Cloud
14%
284,010San Luis Obispo
14%
230,221Tyler
14%
121,436Lawrence
14%
96,854Dubuque
13%
102,811Gettysburg
13%
435,594Salinas
13%
162,805State College
13%
147,149Florence, AL
13%
114,277Oxford
13%
237,524Appleton
13%
219,564Medford
13%
708,009Lakeland
13%
171,020Oshkosh
13%
266,784New London
13%
190,800Saginaw
13%
178,902Joplin
13%
341,298Spartanburg
12%
231,256Chico
12%
451,679Killeen
12%
210,080Lake Charles
12%
204,961Florence, SC
12%
482,040Port Saint Lucie
12%
184,029Blacksburg
12%
263,353Lynchburg
12%
196,584Racine
12%
359,977Ocala
12%
314,305Greeley
12%
274,765Merced
12%
169,659Waterloo
12%
152,046Decatur, AL
12%
104,712Decatur, IL
12%
122,492Altoona
12%
217,686Hilton Head
11%
63,018Lewiston, ID
11%
136,808La Crosse
11%
92,101Corvallis
11%
446,610Vallejo
11%
292,264Clarksville
11%
140,794Logan
11%
209,550Lake Havasu City
11%
169,725Terre Haute
11%
99,619Victoria
11%
153,378Elizabethtown
11%
110,096Twin Falls
11%
99,154Hot Springs
11%
107,679Lewiston, ME
11%
219,417Longview, TX
10%
126,490Saint Joseph
10%
149,414Hattiesburg
10%
108,987Longview, WA
10%
278,644Crestview
10%
134,487Battle Creek
10%
103,923Bay City
10%
465,861Visalia
10%
125,043Farmington
10%
119,711San Angelo
10%
146,174Valdosta
10%
296,224Kennewick
10%
202,719Johnson City
10%
178,599Kingston
9%
163,129Janesville
9%
409,979Salisbury
9%
268,049Hagerstown
9%
115,456Sheboygan
9%
114,772Muncie
9%
132,532Jonesboro
9%
102,663Lima
9%
85,088Grand Island
9%
139,810Winchester
9%
111,755Watertown
9%
173,588Muskegon
9%
92,560Ocean City
9%
110,007Michigan City
8%
118,456Brunswick
8%
113,664Williamsport
8%
205,560Elkhart
8%
181,827El Centro
8%
148,245Dothan
8%
124,475Marion
8%
60,913Enid
8%
90,033Parkersburg
8%
126,198Lawton
8%
126,348Pittsfield
8%
89,515Pine Bluff
8%
174,848Yuba City
8%
131,730Johnstown
8%
135,277Harrisonburg
8%
135,428Wausau
8%
231,993Prescott
8%
76,806Danville
7%
96,982Cape Girardeau
7%
101,647Mankato
7%
103,066Fond du Lac
7%
157,413Vero Beach
7%
141,314Lebanon
7%
368,416Hickory
7%
82,366Kokomo
7%
84,254Elmira
7%
126,770Sierra Vista
7%
119,114Owensboro
7%
97,915Cumberland
6%
87,393Grants Pass
6%
213,413Barnstable
6%
123,007Staunton
6%
143,983Dalton
6%
209,136Houma
6%
157,672Madera
6%
154,835Chambersburg
6%
154,141Niles
6%
150,972Vineland
6%
146,021Rocky Mount
6%
193,835Warner Robins
6%
133,991Sherman
6%
133,777Hammond
6%
269,805Bremerton
6%
125,219New Bern
6%
128,206Mount Vernon
6%
117,064Weirton
6%
106,512Sumter
6%
119,943Wenatchee
6%
121,099Mansfield
6%
123,248Goldsboro
5%
110,024Kankakee
5%
151,366Hanford
5%
112,664California
5%
102,501Gadsden
5%
83,696Bloomsburg
5%
117,272Beckley
5%
218,022Daphne
5%
128,754The Villages
5%
125,462Glens Falls
5%
184,998Punta Gorda
4%
80,495Hinesville
4%
118,581Morristown
4%
105,424Sebring
4%
169,507East Stroudsburg
4%
147,929Homosassa Springs
4%

Score Distribution

Percentile by Number Answered

Percent of People with Each Score

Your Score History

You have not taken this quiz